000 00320nam a2200133Ia 4500
008 191201s2009 xx 000 0 und d
100 _aMARTOCCHIO,Joseph
245 0 _aStrategic Compensation: A Human Resource
250 _a4th
260 _aN.Delhi
_bPearson
_c2009
300 _a527
650 _aMBA
942 _2ddc
_cBK
999 _c4138
_d4138